| 000 | 00654 a2200217 4500 | ||
|---|---|---|---|
| 003 | dpl | ||
| 005 | 20240726125818.0 | ||
| 008 | 240726b |||||||| |||| 00| 0 eng d | ||
| 010 | _aENG-141009 | ||
| 020 |
_a9789385985270 _c295.00 |
||
| 035 | _aEN-124541 | ||
| 037 | _bDBAD / PUB | ||
| 040 | _c0 | ||
| 082 | 1 | 4 | _a658.409 |
| 100 | 1 |
_aVieira, Walter _968964 |
|
| 245 | 1 |
_aThe Impatient Manager/ _cby Walter Vieira |
|
| 260 |
_aNew Delhi _bSage Publications _c2016 |
||
| 270 |
_aB1/11, Mohan Cooperative Industrial Area, Mathura Road _bNew Delhi _e110 044 |
||
| 300 |
_ax,184p. _c21cm.(pb) |
||
| 942 |
_adpl _cEN _2ddc _h658.409 _mVLE |
||
| 999 |
_c204508 _d204508 |
||